00827cam a22002171 4500001001300000003000400013005001700017008004100034010001700075035002000092040004100112042001200153050001800165100004800183245018100231260004300412300007000455504002600525650004100551999001700592gs 06000088 DLC20260227111303.0840613s1902 dcubf 000 0 eng c ags 06000088  a(OCoLC)10840043 aU.S. Geol. survey. LibrarycDSIdDLC apremarc00aTN805b.P45851 aStoek, H. H.q(Harry Harkness),d1866-1923.14aThe Pennsylvania anthracite coal field,cby H. H. Stoek. Extract from the Twenty-second annual report of the [U. S. Geological] survey, 1900-1901. Part III--Coal, oil, cement. aWashington,bGovt. print. off.,c1902. a1 p. l., 55-117 p.b5 pl. (part fold., incl. map) diagrs.c30 cm. a"Literature": p. 117. 0aCoal mines and miningzPennsylvania. c24385d24385